[Event "Kinross USSA op"]
[Site "Kinross"]
[Date "2018.07.04"]
[Round "5"]
[White "Van de Venter, Waldo"]
[Black "Baloyi, Sipho"]
[Result "1/2-1/2"]
[WhiteElo "1859"]
[BlackElo "1434"]
[PlyCount "47"]
[EventDate "2018.07.02"]
[EventType "swiss"]
[EventRounds "9"]
[EventCountry "RSA"]
[SourceTitle "CBM 185 Extra"]
[Source "ChessBase"]
[SourceDate "2018.07.29"]
[SourceVersion "1"]
[SourceVersionDate "2018.07.29"]
[SourceQuality "1"]

1. d4 Nf6 2. c4 e6 3. Nf3 b6 4. g3 Bb7 5. Bg2 Be7 6. 0-0 0-0 7. Nc3 Bb4 8. Bd2 Bxc3 9. Bxc3 Ne4 10. Qc2 Nxc3 11. bxc3 Nc6 12. d5 Na5 13. h4 h6 14. Nd2 d6 15. Rfe1 e5 16. Be4 Bc8 17. Bh7+ Kh8 18. Bf5 Ba6 19. Bd3 Bc8 20. Bf5 Bxf5 21. Qxf5 Qc8 22. Qxc8 Raxc8 23. f4 f6 24. fxe5 1/2-1/2

[Event "Kinross USSA op"]
[Site "Kinross"]
[Date "2018.07.03"]
[Round "3"]
[White "Van de Venter, Waldo"]
[Black "Buthelezi, Simphiwe"]
[Result "1-0"]
[WhiteElo "1859"]
[BlackElo "1480"]
[PlyCount "75"]
[EventDate "2018.07.02"]
[EventType "swiss"]
[EventRounds "9"]
[EventCountry "RSA"]
[SourceTitle "CBM 185 Extra"]
[Source "ChessBase"]
[SourceDate "2018.07.29"]
[SourceVersion "1"]
[SourceVersionDate "2018.07.29"]
[SourceQuality "1"]

1. d4 Nf6 2. c4 c5 3. d5 b5 4. cxb5 a6 5. b6 d6 6. Nc3 Nbd7 7. e4 g6 8. Bd3 Ne5 9. Nge2 Bg7 10. 0-0 0-0 11. h3 e6 12. a4 exd5 13. exd5 c4 14. Bc2 Bb7 15. Nf4 a5 16. Be3 Rb8 17. Rb1 Ba6 18. Qf3 Ned7 19. Rfd1 Ne5 20. Qg3 Qd7 21. Bd4 Rfe8 22. Ne4 h6 23. Nh5 Qe7 24. Nxg7 Kxg7 25. f4 Nfd7 26. fxe5 Nxe5 27. Re1 f5 28. Nc3 Qf7 29. Bxf5 Rxb6 30. Be6 Rxe6 31. dxe6 Qxe6 32. Bxe5+ dxe5 33. Ne4 Rb3 34. Qf2 Bc8 35. Rbd1 Rd3 36. Rxd3 cxd3 37. Rf1 Qd5 38. Qf8+ 1-0

[Event "Witwatersrand op"]
[Site "Witwatersrand"]
[Date "2017.07.04"]
[Round "3.6"]
[White "Teeke, Karabo"]
[Black "Van de Venter, Waldo"]
[Result "0-1"]
[WhiteElo "1430"]
[BlackElo "1884"]
[PlyCount "80"]
[EventDate "2017.07.03"]
[EventType "swiss"]
[EventRounds "9"]
[EventCountry "RSA"]
[SourceTitle "EXT 2018"]
[Source "ChessBase"]
[SourceDate "2017.10.13"]
[SourceVersion "1"]
[SourceVersionDate "2017.10.13"]
[SourceQuality "1"]

1. e4 e5 2. Nf3 Nc6 3. Bc4 d6 4. c3 Bg4 5. 0-0 Nf6 6. Re1 Be7 7. d3 0-0 8. Na3 Na5 9. Bb3 Nxb3 10. axb3 Nd7 11. Be3 f5 12. h3 Bh5 13. exf5 Bxf3 14. Qxf3 c6 15. g4 Bg5 16. Nc4 Bxe3 17. Qxe3 Nb6 18. Nxb6 Qxb6 19. Ra3 Qxe3 20. fxe3 d5 21. Rea1 a6 22. Re1 Rad8 23. Raa1 Rf6 24. Rad1 h5 25. Kg2 Kf7 26. Rf1 Rfd6 27. d4 Re8 28. Rf3 hxg4 29. hxg4 exd4 30. cxd4 Re4 31. Kg3 Rd8 32. Rd3 Rde8 33. g5 Rh8 34. Rf4 Ree8 35. Rf3 Rh5 36. Kg4 Reh8 37. Kf4 Ke7 38. Rg3 Rh2 39. Ke5 Rf2 40. f6+ Kd7 0-1

[Event "Commonwealth & RSA op"]
[Site "Port Elizabeth"]
[Date "2013.07.13"]
[Round "10"]
[White "Kolver, Chris"]
[Black "Van de Venter, Waldo"]
[Result "1-0"]
[WhiteElo "1619"]
[BlackElo "1923"]
[PlyCount "93"]
[EventDate "2013.07.06"]
[EventType "swiss"]
[EventRounds "11"]
[EventCountry "RSA"]
[SourceTitle "CBM 155 Extra"]
[Source "ChessBase"]
[SourceDate "2013.08.26"]
[SourceVersion "1"]
[SourceVersionDate "2013.08.26"]
[SourceQuality "1"]

1. d4 d5 2. c4 c6 3. Nc3 Nf6 4. cxd5 cxd5 5. Bf4 e6 6. e3 Bb4 7. Bxb8 Bxc3+ 8. bxc3 Rxb8 9. Qa4+ Bd7 10. Qxa7 0-0 11. Bd3 Qc7 12. Qa3 e5 13. dxe5 Qxe5 14. Nf3 Qh5 15. 0-0 Ne4 16. c4 Bh3 17. Bxe4 dxe4 18. Ne1 Be6 19. Rc1 Rfc8 20. c5 b5 21. Nc2 Rxc5 22. Nd4 Bc4 23. Nxb5 h6 24. Nd4 Bxf1 25. Rxc5 Bc4 26. h3 Qd1+ 27. Kh2 Qd3 28. Qa4 Ba6 29. Qc2 Rb1 30. Rc3 Qf1 31. Rb3 Rxb3 32. axb3 Bd3 33. Qb2 g6 34. b4 Bb5 35. Nxb5 Qxb5 36. Qd4 Qb8+ 37. Kg1 Qb7 38. Qc5 Qd7 39. b5 Qd1+ 40. Kh2 Kh7 41. b6 Qd2 42. Kg3 h5 43. h4 Qd7 44. Qc7 Qg4+ 45. Kh2 Qf5 46. b7 Qxf2 47. Qg3 1-0

[Event "Commonwealth & RSA op"]
[Site "Port Elizabeth"]
[Date "2013.07.11"]
[Round "8"]
[White "Pranav, Vijay"]
[Black "Van de Venter, Waldo"]
[Result "1-0"]
[WhiteElo "2214"]
[BlackElo "1923"]
[PlyCount "97"]
[EventDate "2013.07.06"]
[EventType "swiss"]
[EventRounds "11"]
[EventCountry "RSA"]
[SourceTitle "CBM 155 Extra"]
[Source "ChessBase"]
[SourceDate "2013.08.26"]
[SourceVersion "1"]
[SourceVersionDate "2013.08.26"]
[SourceQuality "1"]

1. d4 d5 2. c4 c6 3. Nf3 Nf6 4. e3 e6 5. b3 Nbd7 6. Bd3 Bd6 7. Bb2 0-0 8. 0-0 b6 9. Nbd2 Qc7 10. Rc1 Bb7 11. Qe2 Rfe8 12. e4 dxe4 13. Nxe4 Nxe4 14. Qxe4 Nf6 15. Qh4 h6 16. Rfe1 Rad8 17. Bb1 Be7 18. Qh3 c5 19. d5 exd5 20. Bxf6 Bxf6 21. Qf5 Kf8 22. Qh7 g6 23. Bxg6 Bg7 24. Nh4 fxg6 25. Nxg6+ Kf7 26. Nh4 Qc6 27. cxd5 Qf6 28. Nf5 Bxd5 29. Rxe8 Rxe8 30. Nxg7 Rh8 31. Qf5 Kxg7 32. Qxd5 Rf8 33. Qd7+ Rf7 34. Qd2 Re7 35. g3 Qe6 36. Qc3+ Kh7 37. Qd3+ Kg7 38. Rd1 a5 39. a4 Qe4 40. Qc3+ Kh7 41. h4 Qg6 42. Rd8 Re8 43. Rd7+ Kg8 44. Qc4+ Kf8 45. Qf4+ Kg8 46. Rd6 Re6 47. Qc4 Kf7 48. Rxb6 Qb1+ 49. Kh2 1-0

[Event "Commonwealth & RSA op"]
[Site "Port Elizabeth"]
[Date "2013.07.07"]
[Round "3"]
[White "Emojong, Elijah"]
[Black "Van de Venter, Waldo"]
[Result "1-0"]
[WhiteElo "2311"]
[BlackElo "1923"]
[PlyCount "45"]
[EventDate "2013.07.06"]
[EventType "swiss"]
[EventRounds "11"]
[EventCountry "RSA"]
[SourceTitle "CBM 155 Extra"]
[Source "ChessBase"]
[SourceDate "2013.08.26"]
[SourceVersion "1"]
[SourceVersionDate "2013.08.26"]
[SourceQuality "1"]

1. e4 e5 2. Nf3 Nc6 3. Bc4 Bc5 4. b4 Bxb4 5. c3 Ba5 6. d4 exd4 7. 0-0 h6 8. cxd4 d6 9. Qb3 Qf6 10. d5 Nd4 11. Nxd4 Qxd4 12. Bb2 Qb6 13. Qc2 Ne7 14. Nc3 c5 15. dxc6 bxc6 16. Rad1 Qc5 17. Na4 Qh5 18. Rxd6 Bc7 19. Be2 Qg5 20. f4 Qh4 21. g3 Qh3 22. Rxc6 Ba5 23. Rxc8+ 1-0

[Event "World ol U16 11th"]
[Site "Istanbul"]
[Date "2012.09.04"]
[Round "9.15"]
[White "Van de Venter, Waldo"]
[Black "Sultan, Marshool"]
[Result "1-0"]
[WhiteElo "1914"]
[BlackElo "1756"]
[PlyCount "73"]
[EventDate "2012.08.29"]
[EventType "team-swiss"]
[EventRounds "10"]
[EventCountry "TUR"]
[SourceTitle "CBM 150 Extra"]
[Source "ChessBase"]
[SourceDate "2012.10.19"]
[SourceVersion "1"]
[SourceVersionDate "2012.10.19"]
[SourceQuality "1"]
[WhiteTeam "South Africa (U16) II"]
[BlackTeam "United Arab Emirates (U16)"]
[WhiteTeamCountry "RSA"]
[BlackTeamCountry "UAE"]

1. d4 g6 2. c4 Bg7 3. Nf3 d6 4. Nc3 Nd7 5. g3 e6 6. Bg2 Ne7 7. 0-0 0-0 8. e4 b6 9. Be3 Bb7 10. d5 exd5 11. cxd5 f5 12. Ng5 Qc8 13. Ne6 Rf7 14. Rc1 Ba6 15. Ne2 Nc5 16. Bxc5 bxc5 17. b4 fxe4 18. Bxe4 c6 19. Ng5 Rf6 20. f4 h6 21. Nf3 Bxe2 22. Qxe2 cxd5 23. Bc2 Re6 24. Qd2 c4 25. Rce1 Rxe1 26. Rxe1 Qb7 27. Rxe7 Qxe7 28. Qxd5+ Kh7 29. Qxa8 Qe3+ 30. Kf1 Qc1+ 31. Ne1 Bc3 32. Qe4 Qxe1+ 33. Qxe1 Bxe1 34. Kxe1 d5 35. Kd2 Kg7 36. Kc3 Kf6 37. Kd4 1-0

[Event "World ol U16 11th"]
[Site "Istanbul"]
[Date "2012.08.31"]
[Round "4.16"]
[White "Dale, Ari"]
[Black "Van de Venter, Waldo"]
[Result "1-0"]
[WhiteElo "2184"]
[BlackElo "1914"]
[PlyCount "51"]
[EventDate "2012.08.29"]
[EventType "team-swiss"]
[EventRounds "10"]
[EventCountry "TUR"]
[SourceTitle "CBM 150 Extra"]
[Source "ChessBase"]
[SourceDate "2012.10.19"]
[SourceVersion "1"]
[SourceVersionDate "2012.10.19"]
[SourceQuality "1"]
[WhiteTeam "Australia (U16) II"]
[BlackTeam "South Africa (U16) II"]
[WhiteTeamCountry "AUS"]
[BlackTeamCountry "RSA"]

1. d4 d5 2. c4 c6 3. Nc3 Nf6 4. e3 e6 5. Nf3 Nbd7 6. Qc2 Bd6 7. g4 Nxg4 8. Rg1 h5 9. h3 Qf6 10. Be2 Nh2 11. Ng5 Ng4 12. f4 Nh6 13. Bxh5 g6 14. Be2 Nf5 15. Bd2 b6 16. 0-0-0 Bb7 17. Qd3 c5 18. cxd5 exd5 19. dxc5 Nxc5 20. Qb5+ Ke7 21. Nxd5+ Bxd5 22. Bc3 Nd4 23. Bxd4 Qf5 24. Bg4 Rac8 25. Bxf5 gxf5 26. Kb1 1-0